Good practice guide (Record no. 109122)

MARC details
000 -LEADER
fixed length control field 01439cam a22003015a 4500
001 - CONTROL NUMBER
control field L146329
008 - FIXED-LENGTH DATA ELEMENTS--GENERAL INFORMATION
fixed length control field 090109s2008 xxk f 001 0 eng d
020 ## - INTERNATIONAL STANDARD BOOK NUMBER
International Standard Book Number 9781859462980
035 ## - SYSTEM CONTROL NUMBER
System control number (Sirsi) u146329
041 0# - LANGUAGE CODE
Language code of text/sound track or separate title eng
050 04 - LIBRARY OF CONGRESS CALL NUMBER
Classification number 692.8 $2 18
100 1# - MAIN ENTRY--PERSONAL NAME
Personal name Birkby, Gillian
245 00 - TITLE STATEMENT
Title Good practice guide
Remainder of title extensions of time
250 ## - EDITION STATEMENT
Edition statement Revised ed.
260 ## - PUBLICATION, DISTRIBUTION, ETC.
Place of publication, distribution, etc. London
Name of publisher, distributor, etc. RIBA Publishing
Date of publication, distribution, etc. 2008
300 ## - PHYSICAL DESCRIPTION
Extent 132p.
Dimensions 25cm.
350 ## - PRICE (NR) (BK AM CF MU VM SE) [OBSOLETE]
Price 15
505 2# - FORMATTED CONTENTS NOTE
Formatted contents note Basic principles -- Liquidated damages -- Grounds for extension of time under the standard forms -- Notification of delay -- Supply of information -- Assessing an extension of time -- Concurrent delays -- Ethical issues -- The NEC provisions for extensions of time -- Glossary -- Table of cases -- Bibliography and websites -- Index
520 ## - SUMMARY, ETC.
Summary, etc. Offers guidance on the issues of delay, extensions of time and liquidated damages in relation to the standard forms of JCT contracts. Includes a separate chapter on extensions of time in the NEC contracts. Takes into account the law of England and Wales up to February 2008. Contains worked examples, case law, charts and summaries of chapters.
521 ## - TARGET AUDIENCE NOTE
Target audience note Advanced
590 ## - LOCAL NOTE (RLIN)
Local note KA
651 #4 - SUBJECT ADDED ENTRY--GEOGRAPHIC NAME
Geographic name England and Wales
Chronological subdivision 1543-
690 ## - LOCAL SUBJECT ADDED ENTRY--TOPICAL TERM (OCLC, RLIN)
Topical term or geographic name as entry element BUILT ENVIRONMENT-BUILDING CONTRACT FORMS-STANDARD FORMS OF BUILDING CONTRACT
700 1# - ADDED ENTRY--PERSONAL NAME
Personal name Ponte, Albert
700 1# - ADDED ENTRY--PERSONAL NAME
Personal name Alderson, Frances
942 ## - ADDED ENTRY ELEMENTS (KOHA)
Suppress in OPAC 0
Holdings
Withdrawn status Lost status Source of classification or shelving scheme Damaged status Not for loan Home library Current library Shelving location Date acquired Cost, normal purchase price Total Checkouts Full call number Barcode Date last seen Date last checked out Copy number Cost, replacement price Price effective from Koha item type
    Dewey Decimal Classification     London London Books 21/01/2009 15.00 5 692.8 BIR 30076461 06/08/2019 21/12/2009 1 15.00 06/08/2019 Book